000 00687nam a2200253 i 4500
003 DO-SdBNP
005 20240703115038.0
007 ta
008 240703b2012 xxu||||| |||| 00| 0 spa d
020 _a9780425265956
040 _aDO-SdBNP
_bspa
_cBNPHU
_erda
041 0 _heng
082 4 _222
100 1 _aReynard, Sylvain,
_eautor
_985940
245 1 0 _aGabriel s rapture /
_cSylvain Reynard
264 _aEstados Unidos :
_bBerkley,
_c2012.
300 _a427 páginas ;
_c21 cm.
336 _2rdacontent
_atexto
_btxt
337 _2rdamedia
_asin mediación
_bn
338 _2rdacarrier
_avolumen
_bnc
590 _aInventariado, 2024/BT
910 _aBtavárez
942 _2ddc
_cLBS1
999 _c57132
_d57132